|
|
|
|
| LEADER |
00000nab a2200000uu 4500 |
| 001 |
vtls011489539 |
| 003 |
SK-MaSNL |
| 005 |
20260304010540.0 |
| 008 |
230121|1968 xo |||||||||||||||||slo| |
| 015 |
|
|
|a SNBRB
|
| 035 |
|
|
|a (urnnbn)urn:nbn:sk:snk:ar-007ihv
|
| 035 |
|
|
|a (uuid)f845da6d-8b8b-48e5-a2f9-228171c67c81
|
| 035 |
|
|
|a urn:nbn:sk:snk-abdeyd
|
| 040 |
|
|
|a SNKBUCL
|b slo
|c SNKBUCL
|e AACR2
|
| 041 |
0 |
|
|a slo
|
| 044 |
|
|
|a xo
|c SK
|
| 100 |
1 |
|
|a Ondruš, Boris,
|d 1924-1995
|4 aut
|9 192071
|
| 245 |
1 |
0 |
|a KLINICKÁ KLASIFIKÁCIA EPITELOVÝCH NÁDOROV MOČOVÉHO MECHÚRA
|c M. Horňák, V. Zvara, B. Ondruš
|
| 700 |
1 |
|
|a Horňák, Michal,
|d 1929-2016
|4 aut
|9 25820
|
| 700 |
1 |
|
|a Zvara, Vladimír,
|d 1924-2012
|4 aut
|9 190008
|
| 773 |
0 |
|
|t Lekársky obzor : odborný časopis Slovenskej zdravotníckej univerzity v Bratislave
|g Roč. 17, č. 12 (1968), s. 771-775
|
| 954 |
|
|
|a odborná, vedecká literatúra pôvodná (slovenská)
|2 lita
|
| 958 |
|
|
|a OND
|
| 958 |
|
|
|a EUIPO
|
| 958 |
|
|
|a article18
|
| 999 |
|
|
|c 2561484
|d 2563414
|